| 000 | 00806 a2200229 4500 | ||
|---|---|---|---|
| 005 | 20080908145120.0 | ||
| 008 | 080908t xxu||||| |||| 00| 0 eng d | ||
| 010 | _aENG-87651 | ||
| 020 |
_a0070659824 _c299.00 |
||
| 035 | _aEN-71184 | ||
| 037 | _bDBAD / PUB | ||
| 082 | _a659.1 | ||
| 100 | _aSugars, Bradley J. | ||
| 245 |
_aInstant advertising _cBradley J. Sugars |
||
| 260 |
_aNew Delhi _bTata McGraw-Hill Publishing _c2007 |
||
| 300 |
_axii, 249p. _bill. _c23 cm.(Pbk) |
||
| 490 | _aInstant success series | ||
| 650 | _aAdvertising copy. | ||
| 650 | _aAdvertising. | ||
| 942 |
_adpl _cEN _k659.1 / SUG _2ddc _h659.1 _mSUG |
||
| 999 |
_c6789 _d6789 |
||